Delivering health and safety on the ODA construction programme (Record no. 114481)
[ view plain ]
| 000 -LEADER | |
|---|---|
| fixed length control field | 01064cad a22002175a 4500 |
| 001 - CONTROL NUMBER | |
| control field | L156910 |
| 008 - FIXED-LENGTH DATA ELEMENTS--GENERAL INFORMATION | |
| fixed length control field | 120730s2012 xxk f 000 0 eng d |
| 035 ## - SYSTEM CONTROL NUMBER | |
| System control number | (Sirsi) u156910 |
| 041 0# - LANGUAGE CODE | |
| Language code of text/sound track or separate title | eng |
| 100 1# - MAIN ENTRY--PERSONAL NAME | |
| Personal name | Bust, Phil |
| 110 2# - MAIN ENTRY--CORPORATE NAME | |
| Corporate name or jurisdiction name as entry element | Loughborough University |
| 9 (RLIN) | 3508 |
| 245 00 - TITLE STATEMENT | |
| Title | Delivering health and safety on the ODA construction programme |
| Remainder of title | a review report for the Olympic Delivery Authority |
| Medium | [electronic resource] |
| 260 ## - PUBLICATION, DISTRIBUTION, ETC. | |
| Place of publication, distribution, etc. | London |
| Name of publisher, distributor, etc. | Loughborough University |
| Date of publication, distribution, etc. | 2012 |
| 520 ## - SUMMARY, ETC. | |
| Summary, etc. | Examines Learning Legacy health and safety research projects with a consistent story of the health and safety management on the Olympic Park and Village and to contribute to publications. The main report summarises the key aspects and more information is provided in the appendices. |
| 590 ## - LOCAL NOTE (RLIN) | |
| Local note | KA |
| 650 24 - SUBJECT ADDED ENTRY--TOPICAL TERM | |
| Topical term or geographic name entry element | OLYMPIC GAMES 2012 |
| 651 #4 - SUBJECT ADDED ENTRY--GEOGRAPHIC NAME | |
| Geographic name | United Kingdom |
| Chronological subdivision | |
| 690 ## - LOCAL SUBJECT ADDED ENTRY--TOPICAL TERM (OCLC, RLIN) | |
| Topical term or geographic name as entry element | Health and safety |
| 9 (RLIN) | 6244 |
| 856 40 - ELECTRONIC LOCATION AND ACCESS | |
| Uniform Resource Identifier | <a href="https://www.hse.gov.uk/aboutus/london-2012-games/resources/delivering-health-and-safety.pdf">https://www.hse.gov.uk/aboutus/london-2012-games/resources/delivering-health-and-safety.pdf</a> |
| Public note | View this item free of charge at www.hse.gov.uk |
| 942 ## - ADDED ENTRY ELEMENTS (KOHA) | |
| Suppress in OPAC | 0 |
| Withdrawn status | Lost status | Source of classification or shelving scheme | Damaged status | Not for loan | Home library | Current library | Shelving location | Date acquired | Total Checkouts | Full call number | Barcode | Date last seen | Copy number | Price effective from | Koha item type |
|---|---|---|---|---|---|---|---|---|---|---|---|---|---|---|---|
| Dewey Decimal Classification | Virtual | Virtual | Online | 30/07/2012 | ONLINE PUBLICATION | 156910-2001 | 06/08/2019 | 1 | 06/08/2019 | Book |